| 000 | 00690nam a2200193Ia 4500 | ||
|---|---|---|---|
| 003 | GCL | ||
| 008 | 140319s9999 xx 000 0 ara d | ||
| 020 | _a9190099906 | ||
| 040 |
_aGCL / _cGCL |
||
| 082 | 0 | 4 |
_aد _b050 _bا س |
| 245 | 1 | 0 | _aسيكولوجية العلاقات بين الجماعات(عالم المعرفة326 ابريل 2006) |
| 260 |
_aالكويت : _bالمجلس الوطنى للثقافة والفنون والاداب ، _c2006 |
||
| 650 | 0 | 4 | _aالتعصب |
| 650 | 0 | 4 | _aالتكيف الاجتماعى |
| 650 | 0 | 4 | _aالتفاعل الاجتماعى |
| 650 | 0 | 4 | _aالذات |
| 650 | 0 | 4 | _aالجماعات- الحياة اللإجتماعية |
| 942 |
_2ddc _cCR |
||
| 999 |
_c8481 _d8481 |
||